Astrophysical polarized backgrounds (Record no. 14761)

MARC details
000 -LEADER
fixed length control field 00813nam a2200253Ia 4500
003 - CONTROL NUMBER IDENTIFIER
control field IN-BaIIA
008 - FIXED-LENGTH DATA ELEMENTS--GENERAL INFORMATION
fixed length control field 211028s9999 xx 000 0 eng d
020 ## - INTERNATIONAL STANDARD BOOK NUMBER
International Standard Book Number 0-7354-0055-5
040 ## - CATALOGING SOURCE
Transcribing agency IIA Library
080 ## - UNIVERSAL DECIMAL CLASSIFICATION NUMBER
Universal Decimal Classification number 520.85(082.2)
Item number AST
245 #0 - TITLE STATEMENT
Title Astrophysical polarized backgrounds
Statement of responsibility, etc. edited by Stefano Cecchni…[et al.]
260 ## - PUBLICATION, DISTRIBUTION, ETC.
Place of publication, distribution, etc. New York
Name of publisher, distributor, etc. American Institute of Physics
Date of publication, distribution, etc. 2002
300 ## - PHYSICAL DESCRIPTION
Extent xi, 314p.
490 ## - SERIES STATEMENT
Series statement AIP conference proceedings; v. 609
650 ## - SUBJECT ADDED ENTRY--TOPICAL TERM
Topical term or geographic name entry element Diffuse polarized
9 (RLIN) 26493
650 ## - SUBJECT ADDED ENTRY--TOPICAL TERM
Topical term or geographic name entry element Emission
9 (RLIN) 17264
650 ## - SUBJECT ADDED ENTRY--TOPICAL TERM
Topical term or geographic name entry element Polarimetry experiments
9 (RLIN) 26494
650 ## - SUBJECT ADDED ENTRY--TOPICAL TERM
Topical term or geographic name entry element Polarization surveys
9 (RLIN) 26495
700 ## - ADDED ENTRY--PERSONAL NAME
Personal name Cecchni, Stefano, ed.
9 (RLIN) 26496
700 ## - ADDED ENTRY--PERSONAL NAME
Personal name Cortiglioni, Stefano, ed.
9 (RLIN) 26497
700 ## - ADDED ENTRY--PERSONAL NAME
Personal name Sault, Robert, ed.
9 (RLIN) 26498
700 ## - ADDED ENTRY--PERSONAL NAME
Personal name Sbarra, Carla., ed.
9 (RLIN) 26499
942 ## - ADDED ENTRY ELEMENTS (KOHA)
Koha item type Books
Holdings
Withdrawn status Lost status Damaged status Not for loan Home library Current library Shelving location Date acquired Source of acquisition Cost, normal purchase price Total Checkouts Full call number Barcode Date last seen Cost, replacement price Price effective from Koha item type Purchase Price
        IIA Library-Bangalore IIA Library-Bangalore General Stacks 05/09/2002 EDS 8641.36   520.85(082.2)/ AST 15683 05/11/2021 8641.36 05/09/2002 Books Rs. 8641.36

Powered by Koha